<?xml version="1.0" encoding="UTF-8"?><?xml-stylesheet type="text/xsl" href="static/style.xsl"?><OAI-PMH xmlns="http://www.openarchives.org/OAI/2.0/" xmlns:xsi="http://www.w3.org/2001/XMLSchema-instance" xsi:schemaLocation="http://www.openarchives.org/OAI/2.0/ http://www.openarchives.org/OAI/2.0/OAI-PMH.xsd"><responseDate>2026-04-13T00:10:38Z</responseDate><request verb="GetRecord" identifier="oai:www.recercat.cat:2445/146970" metadataPrefix="marc">https://recercat.cat/oai/request</request><GetRecord><record><header><identifier>oai:recercat.cat:2445/146970</identifier><datestamp>2025-12-05T05:32:50Z</datestamp><setSpec>com_2072_1057</setSpec><setSpec>col_2072_478857</setSpec><setSpec>col_2072_478917</setSpec></header><metadata><record xmlns="http://www.loc.gov/MARC21/slim" xmlns:dcterms="http://purl.org/dc/terms/" xmlns:xsi="http://www.w3.org/2001/XMLSchema-instance" xmlns:doc="http://www.lyncode.com/xoai" xsi:schemaLocation="http://www.loc.gov/MARC21/slim http://www.loc.gov/standards/marcxml/schema/MARC21slim.xsd">
   <leader>00925njm 22002777a 4500</leader>
   <datafield ind2=" " ind1=" " tag="042">
      <subfield code="a">dc</subfield>
   </datafield>
   <datafield ind2=" " ind1=" " tag="720">
      <subfield code="a">Sancho i Planas, Marta</subfield>
      <subfield code="e">author</subfield>
   </datafield>
   <datafield ind2=" " ind1=" " tag="260">
      <subfield code="c">2019-12-18T16:31:14Z</subfield>
   </datafield>
   <datafield ind2=" " ind1=" " tag="260">
      <subfield code="c">2019-12-18T16:31:14Z</subfield>
   </datafield>
   <datafield ind2=" " ind1=" " tag="260">
      <subfield code="c">2018-12-31</subfield>
   </datafield>
   <datafield ind2=" " ind1=" " tag="260">
      <subfield code="c">2019-12-18T16:31:15Z</subfield>
   </datafield>
   <datafield ind2=" " ind1=" " tag="520">
      <subfield code="a">[cat] L'excavació del monestir d'època visigoda de Santa Cecília dels Altimiris, ens ha permès recuperar un seguit de restes d'origen vegetal i animal i uns materials que ens apropen al consum de determinats aliments, tant de l'entorn del lloc com més llunyans. En aquest article definim les característiques mediambientals de la serra del Montsec, lloc on es troba ubicat el jaciment, fem una anàlisi de l'Àrea de Captació de Recursos (ACR) que es defineix al seu entorn i presentem les restes vegetals, animals i materials recuperades en la intervenció arqueològica, en definim la procedència i en valorem el pes dins la dieta. Així mateix posem en relació aquestes troballes amb els costums alimentaris descrits en textos antics i finalment fem una proposta del patró alimentari dels habitants del lloc.</subfield>
   </datafield>
   <datafield ind2=" " ind1=" " tag="520">
      <subfield code="a">[eng] The archaeological excavation of the Visigothic Monastery of Santa Cecília de Els Altimiris unearthed evidence of plant and animal remains, as well as other materials that throw light on the consumption of certain local and imported foods. This article defines the environment of the Montsec Mountain range, the setting of the Monastery, and presents the results of a Site Catchment Analysis that identifies the regional plant, animal and the other resources in the context of the evidence recovered during the excavation. The study ultimately compares the findings with information from Roman written sources and proposes a pattern of the eating habits of the site's inhabitants.</subfield>
   </datafield>
   <datafield tag="653" ind2=" " ind1=" ">
      <subfield code="a">Història de l'alimentació</subfield>
   </datafield>
   <datafield tag="653" ind2=" " ind1=" ">
      <subfield code="a">Excavacions arqueològiques</subfield>
   </datafield>
   <datafield tag="653" ind2=" " ind1=" ">
      <subfield code="a">Monestirs</subfield>
   </datafield>
   <datafield tag="653" ind2=" " ind1=" ">
      <subfield code="a">Restes de plantes (Arqueologia)</subfield>
   </datafield>
   <datafield tag="653" ind2=" " ind1=" ">
      <subfield code="a">Restes d'animals (Arqueologia)</subfield>
   </datafield>
   <datafield tag="653" ind2=" " ind1=" ">
      <subfield code="a">Arqueologia medieval</subfield>
   </datafield>
   <datafield tag="653" ind2=" " ind1=" ">
      <subfield code="a">Arqueologia del paisatge</subfield>
   </datafield>
   <datafield tag="653" ind2=" " ind1=" ">
      <subfield code="a">Pallars Jussà (Catalunya)</subfield>
   </datafield>
   <datafield tag="653" ind2=" " ind1=" ">
      <subfield code="a">Food history</subfield>
   </datafield>
   <datafield tag="653" ind2=" " ind1=" ">
      <subfield code="a">Archaeological excavations</subfield>
   </datafield>
   <datafield tag="653" ind2=" " ind1=" ">
      <subfield code="a">Monasteries</subfield>
   </datafield>
   <datafield tag="653" ind2=" " ind1=" ">
      <subfield code="a">Plant remains (Archaeology)</subfield>
   </datafield>
   <datafield tag="653" ind2=" " ind1=" ">
      <subfield code="a">Animal remains (Archaeology)</subfield>
   </datafield>
   <datafield tag="653" ind2=" " ind1=" ">
      <subfield code="a">Medieval archaeology</subfield>
   </datafield>
   <datafield tag="653" ind2=" " ind1=" ">
      <subfield code="a">Landscape archaeology</subfield>
   </datafield>
   <datafield tag="653" ind2=" " ind1=" ">
      <subfield code="a">Pallars Jussà (Catalonia)</subfield>
   </datafield>
   <datafield ind2="0" ind1="0" tag="245">
      <subfield code="a">Recursos alimentaris en el monestir d'època visigoda de Santa Cecília dels Altimiris (Sant Esteve de la Sarga - Pallars Jussà). Primeres aportacions</subfield>
   </datafield>
   <datafield ind2="0" ind1="0" tag="245">
      <subfield code="a">A preliminary approach to the food resources of the Visigothic Monastery of Santa Cecilia de Els Altimiris (Sant Esteve de la Sarga – Pallars Jussà)</subfield>
   </datafield>
</record></metadata></record></GetRecord></OAI-PMH>